Kariera klubowa Mohameda Salaha - Statystyki

Ogólne statystyki
  • Ten quiz został rozwiązany 596 razy
  • Średni wynik to 4 z 6
Statystyki odpowiedzi
Lata gry Klub % Poprawnych
2017 - obecnie Liverpool
99%
2015 - 2017 AS Roma
92%
2014 - 2016 Chelsea
84%
2015 ACF Fiorentina
53%
2012 - 2014 FC Basel
49%
2010 - 2012 El Mokawloon SC
3%
Nie znaleziono quizów pasujących do podanych kryteriów
Rozkład punktacji
Procent ludzi z każdym wynikiem
Percentyl według liczby udzielonych odpowiedzi
Twoja historia wyników
Nie rozwiązałeś tego quizu